| 000 | 01215cab a22002175a 4500 | ||
|---|---|---|---|
| 001 | L153206 | ||
| 008 | 110622e2011 xxk 000 0 eng d | ||
| 035 | _a(Sirsi) u153206 | ||
| 041 | 0 | _aeng | |
| 100 | 1 | _aUnger, Paul | |
| 245 | 0 | 0 |
_aMarkets _bLancashire and Cumbria |
| 260 | _c2011 | ||
| 490 | 0 |
_aProperty Week _v77(24) 17 June 2011, 55-61(4) |
|
| 520 | _aThe first phase of Roundhouse Properties' 60 000sq ft South Rings Office Village development in Preston will be completed in July. Preston and Blackburn clash over whether planning consent will be granted for Lend Lease's £700m 1.5m sq ft retail-led scheme. Booths, the regional will open a new branch in Salford's Media City later in 2011. Capital & Regional opens new £8m indoor market in the redeveloped Mall shopping centre in Blackburn. Henry Boot will start work on its 160 00 sqft Curzon Street Burnley retail development in early 2012. Assura Group completes a £14m healthcare centre in Blackpool. | ||
| 590 | _aKA | ||
| 651 | 4 | _aLancashire | |
| 651 | 4 | _aCumbria | |
| 690 | _aPROPERTY-COMMERCIAL PROPERTY-COMMERCIAL PROPERTY MARKET | ||
| 690 | _aPROPERTY-COMMERCIAL PROPERTY-COMMERCIAL PROPERTY FINANCE AND INVESTMENT | ||
| 942 | _n0 | ||
| 999 |
_c83229 _d83229 |
||